000 00849nam a2200265Ia 4500
003 OSt
005 20221005062133.0
006 a|||||r|||| 00| 0
007 ta
008 221004b |||||||| |||| 00| 0 eng d
020 _a9780415224352 (pbk)
_c1020.57
024 _a95492
037 _b06069, 19/03/2009, Atlantic Publisher & Dist. Pvt Ltd.
_cTextual
040 _aCRL
_cCRL
_beng
041 _2eng
_aeng
082 _aWxJ88,1:g, P8
100 _aNewey Glen
245 0 _aRoutledge philosophy guidebook to hobbes and leviathan
260 _aLondon
_bRoutledge UK
_c2008
300 _aviii,308p.
_ccm.
490 _aRoutledge philosophy guidebook
650 _aPOLITICAL SCIENCE
942 _hWxJ88,1:g, P8
_cTEXL
_2cc
999 _c969214
_d969214